Fr. Conceicao Rodrigues College of Engineering

Remodelling and Decorating Bedrooms (Record no. 30786)

MARC details
000 -LEADER
fixed length control field 00308nam a2200133Ia 4500
082 ## - DEWEY DECIMAL CLASSIFICATION NUMBER
Classification number 747.77
100 ## - MAIN ENTRY--PERSONAL NAME
Personal name Zimmerman/ M.W. ed
245 ## - TITLE STATEMENT
Title Remodelling and Decorating Bedrooms
260 ## - PUBLICATION, DISTRIBUTION, ETC.
Name of publisher, distributor, etc. Lane Pub.
Place of publication, distribution, etc. California
Date of publication, distribution, etc. 1980
300 ## - PHYSICAL DESCRIPTION
Extent 80
546 ## - LANGUAGE NOTE
Language note ENGLISH
654 ## - SUBJECT ADDED ENTRY--FACETED TOPICAL TERMS
Focus term Decorating bedrooms
942 ## - ADDED ENTRY ELEMENTS (KOHA)
Koha item type BOOK
Holdings
Withdrawn status Lost status Damaged status Not for loan Collection Home library Current library Shelving location Date acquired Source of acquisition Cost, normal purchase price Inventory number Total Checkouts Full call number Barcode Date last seen Cost, replacement price Price effective from Koha item type
        AFT Fr. Agnel's C.Rodrigues College of Engineering Fr. Agnel's C.Rodrigues College of Engineering   17/03/2023 MARINE SPORTS 41.50 8261   747.77 AFT3545 17/03/2023 41.50 17/03/2023 BOOK